000 00356nam a2200133Ia 4500
008 151001s9999||||xx |||||||||||||| ||und||
100 _aवा शि आपटे
245 _aतुझं काही माझ काही
250 _a1
260 _bभारतीय ग्रंथ भवन
260 _c1964
300 _a180
365 _b7
999 _c953505
_d953502